La femme de Tabarin (Registro nro. 170191)

Detalles MARC
000 -LEADER
campo de control de longitud fija 00514nam a22001575i 4500
001 - NÚMERO DE CONTROL
campo de control 170191
003 - IDENTIFICADOR DE NÚMERO DE CONTROL
campo de control ES-MaACL
005 - FECHA Y HORA DE LA ÚLTIMA TRANSACCIÓN
campo de control 20230906214320.0
008 - DATOS DE LONGITUD FIJA--INFORMACIÓN GENERAL
campo de control de longitud fija 090210s1895 fr |||| | fre d
080 ## - NÚMERO DE LA CLASIFICACIÓN DECIMAL UNIVERSAL
Número de la Clasificación Decimal Universal 821.133.1-2"18"
100 1# - ENTRADA PRINCIPAL--NOMBRE DE PERSONA
Nombre de persona Mendès, Catulle.
9 (RLIN) 80102
245 13 - MENCIÓN DEL TÍTULO
Título La femme de Tabarin
Resto del título : tragi-parade /
Mención de responsabilidad, etc. Catulle Mendès.
260 ## - PUBLICACIÓN, DISTRIBUCIÓN, ETC.
Lugar de publicación, distribución, etc. Paris :
Nombre del editor, distribuidor, etc. G. Charpentier et E. Fasquelle,
Fecha de publicación, distribución, etc. 1895.
300 ## - DESCRIPCIÓN FÍSICA
Extensión 34 p. ;
Dimensiones 19 cm.
852 ## - LOCALIZACIÓN
Ubicación ES-MaACL
Número de control de estantería 2247-F-10
itemnumber R.141004
Nota libre .- Biblioteca Jacinto Martínez Lacalle
Existencias
Estatus retirado Estado de pérdida Estado de daño No para préstamo Colección Biblioteca de origen Biblioteca actual Ubicación en estantería Fecha de adquisición Fuente de adquisición Total de préstamos Signatura topográfica completa Código de barras Visto por última vez Precio de reemplazo Tipo de ítem Koha
        Colección de folletos Biblioteca del Ateneo de Madrid Biblioteca del Ateneo de Madrid Depósito folletos 10/02/2009     2247-F-10 1178676 23/02/2023 23/02/2023 Folleto